=LDR 00000nam 2200000 4500 =001 INLIS00000000000116 =005 20260702043538 =020 ##$$a 978-623-5511-73-3 =082 ##$$a 362.293 =100 1#$$a Hengky Setiawan, S.Kep., M.Kes =245 1 $$a Upaya Keluarga Melawan Narkoba /$c Hengky Setiawan, S.Kep., M.Kes =300 ##$$a 84 ; 14X21 cm